Statistics for name all spongebob characters

Click here to take the quiz!

General Stats

  • This quiz has been taken 165 times
  • The average score is 5 of 8

Answer Stats

Hint Answer % Correct
patrick
98%
sandy
93%
squidward
89%
mr krabs
84%
plankton
73%
mrs puff
50%
larry the lobster
22%
spngebob
6%

Score Distribution

Percentile by Number Answered

Percent of People with Each Score

Your Score History

You have not taken this quiz